Normal view
MARC view
- Zeeshan Abbasi, Omair Iqbal, Waqas Safdar, Salman Zafar
Entry Personal Name
001 - CONTROL NUMBER
- control field: 92120
003 - CONTROL NUMBER IDENTIFIER
- control field: NUST
005 - DATE AND TIME OF LATEST TRANSACTION
- control field: 20220701195025.0
008 - FIXED-LENGTH DATA ELEMENTS
- fixed length control field: 220701|| aca||aabn | a|a d
040 ## - CATALOGING SOURCE
- Original cataloging agency: NUST
- Transcribing agency: NUST
100 ## - HEADING--PERSONAL NAME
- Personal name: Zeeshan Abbasi, Omair Iqbal, Waqas Safdar, Salman Zafar
670 ## - SOURCE DATA FOUND
- Source citation: Work cat.: (NUST)13058: Zeeshan Abbasi 92119, Surveillance system using UGV-UAV synthesis, 2014
